000 00523nam a2200181Ia 4500
003 OSt
005 20250117150646.0
008 210210b1947 xxu||||| |||| 00| 0 eng d
040 _cAL
041 _akan
082 _a854/11
100 _aKRASHNARAYA (A N)
_9162349
_dಕೃಷ್ಣರಾಯ (ಅ ನ ಕೃ).
245 _aKarnatakada hitachintane:
_bಕರ್ನಾಟಕದ ಹಿತಚಿಂತನೆ
260 _aBengaluru
_b-
_c1947
690 _aKannada Criticism
_9162350
906 _a019862
942 _2ddc
_cBK
999 _c144012
_d144012